Ethereum: Distributed Consensus/ (Record no. 527510)
[ view plain ]
| 000 -LEADER | |
|---|---|
| fixed length control field | 00457nam a22001817a 4500 |
| 003 - CONTROL NUMBER IDENTIFIER | |
| control field | NUST |
| 005 - DATE AND TIME OF LATEST TRANSACTION | |
| control field | 20190729060357.0 |
| 008 - FIXED-LENGTH DATA ELEMENTS--GENERAL INFORMATION | |
| fixed length control field | 190729b ||||| |||| 00| 0 eng d |
| 020 ## - INTERNATIONAL STANDARD BOOK NUMBER | |
| International Standard Book Number | 9781546544821 |
| 038 ## - RECORD CONTENT LICENSOR | |
| Staff Name | Faiza |
| 082 ## - DEWEY DECIMAL CLASSIFICATION NUMBER | |
| Classification number | 170.4403 |
| Author Mark | THO |
| 100 ## - MAIN ENTRY--PERSONAL NAME | |
| Personal name | Thompson, Christopher P. |
| 9 (RLIN) | 18809 |
| 245 ## - TITLE STATEMENT | |
| Title | Ethereum: Distributed Consensus/ |
| Statement of responsibility, etc. | Christopher P. Thompson |
| 260 ## - PUBLICATION, DISTRIBUTION, ETC. | |
| Date of publication, distribution, etc. | 2017. |
| 300 ## - PHYSICAL DESCRIPTION | |
| Extent | 99 p. ; |
| 500 ## - GENERAL NOTE | |
| General note | Paper back |
| 942 ## - ADDED ENTRY ELEMENTS (KOHA) | |
| Source of classification or shelving scheme | |
| Koha item type | Book |
| Withdrawn status | Lost status | Source of classification or shelving scheme | Damaged status | Not for loan | Permanent Location | Current Location | Date acquired | Total Checkouts | Total Renewals | Full call number | Barcode | Date last seen | Date last checked out | Price effective from | Koha item type |
|---|---|---|---|---|---|---|---|---|---|---|---|---|---|---|---|
| Central Library (CL) | Central Library (CL) | 07/29/2019 | 1 | 1 | 170.4403 THO | CL-130 | 06/12/2025 | 08/09/2019 | 07/29/2019 | Book |
